L'interpretazione autentica nel XVIII secolo. Divieto di interpretatio e "riferimento al legislatore" nell' illuminismo giuridico.

Сохранить в:
Библиографические подробности
Главный автор: Alvazzi del Frate, Paolo (autore)
Формат:
Язык:английский
Опубликовано: Torino, Italia: G. Giappichelli, 2000.
Предметы:
Метки: Добавить метку
Нет меток, Требуется 1-ая метка записи!

MARC

LEADER 00000nam a22000007a 4500
003 CL-VaPUC
005 20220822114735.0
008 220727t2000 ||||| |||| 00| 0 eng d
999 |c 437656  |d 437654 
020 |a 88-348-0864-9 
040 |c Pontificia Universidad Católica de Valparaíso 
082 |2 22  |a 340.11 ALV 2000 
100 |9 873572  |a Alvazzi del Frate, Paolo  |e autore 
245 |a L'interpretazione autentica nel XVIII secolo.   |b Divieto di interpretatio e "riferimento al legislatore" nell' illuminismo giuridico.  
260 |a Torino, Italia:   |b G. Giappichelli,  |c 2000.  
300 |a 181 páginas.  
500 |a c.1 Donación Familia Prof. Alejandro Guzmán Brito. 
583 |c 20220727  |k Yessy Sthefany Diaz Vidal 
650 0 |9 255982  |a Teoría del derecho 
650 0 |a Derecho   |y Siglo XVIII  |z Italia  |9 874123 
650 0 |a Derecho   |x Interpretación   |9 869959 
942 |2 ddc  |c BK  |n 0 
952 |0 0  |1 0  |2 ddc  |4 0  |6 340_110000000000000_ALV_2000  |7 0  |8 C_AGB  |9 585444  |a BIBDER  |b BIBDER  |d 2022-07-27  |e Donación   |i 5653398  |o 340.11 ALV 2000  |p 5653398  |r 2023-01-25  |t 1  |w 2022-07-27  |y BK_US  |k AGB